Examination questions: first, intermediate final and direct final: urban and rural sections general sylabus (Record no. 88166)

MARC details
000 -LEADER
fixed length control field 00522cam a2200181 4500
001 - CONTROL NUMBER
control field D15376
008 - FIXED-LENGTH DATA ELEMENTS--GENERAL INFORMATION
fixed length control field 090401t1966 xxu||||| |||| 00| 0 eng d
035 ## - SYSTEM CONTROL NUMBER
System control number (Sirsi) u22317
041 ## - LANGUAGE CODE
Language code of text/sound track or separate title eng
110 ## - MAIN ENTRY--CORPORATE NAME
Corporate name or jurisdiction name as entry element Charterted Auctioneers`
9 (RLIN) 1036
245 ## - TITLE STATEMENT
Title Examination questions: first, intermediate final and direct final: urban and rural sections general sylabus
260 ## - PUBLICATION, DISTRIBUTION, ETC.
Name of publisher, distributor, etc. CAEAT
Date of publication, distribution, etc. 1966
350 ## - PRICE (NR) (BK AM CF MU VM SE) [OBSOLETE]
Price 0
520 ## - SUMMARY, ETC.
Summary, etc. Filed in box 1966/9A
710 ## - ADDED ENTRY--CORPORATE NAME
Corporate name or jurisdiction name as entry element Estate Agents Institute
9 (RLIN) 1038
942 ## - ADDED ENTRY ELEMENTS (KOHA)
Suppress in OPAC 0
948 ## - LOCAL PROCESSING INFORMATION (OCLC); SERIES PART DESIGNATOR (RLIN)
c (OCLC) 04/03/1997
Holdings
Withdrawn status Lost status Source of classification or shelving scheme Damaged status Not for loan Home library Current library Shelving location Date acquired Total Checkouts Full call number Barcode Date last seen Copy number Price effective from Koha item type
    Other/Generic Classification Scheme     London London RICS Boxes 14/09/1999   RICS 1966/9 30023295 06/08/2019 1 06/08/2019 Reference material